| 000 | 01698nam a2200337 a 4500 | ||
|---|---|---|---|
| 001 | 37039 | ||
| 003 | BD-RjUL | ||
| 005 | 20211209052554.0 | ||
| 008 | 141012r19771977ilua b 101 0 eng | ||
| 020 | _a0226893146 : | ||
| 020 | _a0226893154 (pbk.) : | ||
| 035 | _a(BD-RjUL)37141 | ||
| 040 |
_aDLC _cDLC _dDLC _dBD-RjUL _beng |
||
| 041 | _aeng | ||
| 082 | 0 | 0 |
_a331.4091724 _bWOM 1977 |
| 245 | 0 | 0 |
_aWomen and national development : _bthe complexities of change / _c[edited by] Wellesley Editorial Committee, Ximena Bunster B. ... [et al.]. |
| 260 |
_aChicago : _bUniversity of Chicago Press, _c1977. |
||
| 300 |
_axiv, 346 p. : _bill. ; _c24 cm. |
||
| 500 | _a"Based on a conference on women and development held June 2-6, 1976. Sponsored by the Center for Research on Women in Higher Education and the Professions, Wellesley College; the African Studies Association; the Association for Asian Studies; and the Latin American Studies Association." | ||
| 500 | _a"Originally appeared as the autumn 1977 issue of Signs, journal of women in culture and society (volume 3, number 1)." | ||
| 504 | _aIncludes bibliographical references and index. | ||
| 650 | 0 |
_aWomen _xEmployment _zDeveloping countries _xCongresses. _9113213 |
|
| 650 | 0 |
_aWomen in development _zDeveloping countries _xCongresses. _9113214 |
|
| 650 | 0 |
_aWomen's rights _zDeveloping countries _xCongresses. _9113215 |
|
| 651 | 0 |
_aDeveloping countries _xEconomic policy _xCongresses. _9113216 |
|
| 700 |
_aBunster B, Ximena _9113217 |
||
| 710 | 2 |
_aWellesley College. _bCenter for Research on Women in Higher Education and the Professions. _9113218 |
|
| 730 |
_aSigns ; v. 3, no. 1. _9173818 |
||
| 942 |
_2ddc _cBK |
||
| 999 |
_c37039 _d37039 |
||